Loading...
| Literature - World | 0 | 9 | 0 | 0 | 90 | 27 | 51.44 | 6 | 9 | 47.21 | 71.69 |
| Literature - British | 0 | 8 | 1 | 1 | 75 | 23 | 67.13 | 2 | 6 | 35.34 | 50.96 |
| Literature - European | 0 | 8 | 2 | 0 | 70 | 46 | 74.63 | 4 | 7 | 31.19 | 59.19 |
| Literature - American | 0 | 6 | 1 | 0 | 55 | 22 | 69.00 | 2 | 6 | 25.97 | 45.35 |
| Science - Biology | 0 | 5 | 0 | 1 | 50 | 17 | 66.20 | 2 | 3 | 16.69 | 28.15 |
| Social Science | 0 | 3 | 0 | 0 | 30 | 61 | 71.00 | 0 | 2 | 8.61 | 19.07 |
| Philosophy | 0 | 2 | 0 | 0 | 20 | 45 | 69.00 | 0 | 1 | 7.26 | 10.42 |
| Science - Chemistry | 0 | 2 | 1 | 0 | 15 | 11 | 18.50 | 1 | 2 | 13.82 | 15.33 |
| Geography | 0 | 1 | 0 | 0 | 10 | 106 | 106.00 | 0 | 0 | 4.77 | 13.46 |
| Mythology | 0 | 1 | 0 | 0 | 10 | 125 | 125.00 | 0 | 0 | 0.73 | 3.47 |
| Popular Culture | 0 | 1 | 0 | 0 | 10 | 127 | 127.00 | 0 | 1 | 2.66 | 30.56 |
| Fine Arts - Other | 0 | 1 | 0 | 0 | 10 | 93 | 93.00 | 0 | 0 | 2.59 | 5.13 |
| Fine Arts - Classical Music | 0 | 1 | 0 | 0 | 10 | 72 | 72.00 | 0 | 1 | 3.37 | 6.94 |
| History - Other | 0 | 1 | 0 | 0 | 10 | 90 | 90.00 | 0 | 0 | 2.13 | 4.17 |
| Science - Other | 0 | 1 | 1 | 0 | 5 | 61 | 61.00 | 0 | 1 | 4.10 | 7.69 |
| History - World | 0 | 1 | 1 | 0 | 5 | 96 | 96.00 | 0 | 0 | 1.93 | 5.13 |